000 00597nam a2200133Ia 4500
008 150609s9999 xx 000 0 und d
050 _aRC 553.A88
_b.G669 2015
100 _aGonzales, Christianne Rae.
245 4 _aThe lived experience of paid caregivers caring for a school-aged child with autism /
_cChristianne Rae Gonzales, Katchella Andrea Lim, Reah Mikel Luzuriaga, Rachel Anne Mañalac, and Katrina Bianca Navarro.
260 _aLas Piñas, Philippines :
_bSISC,
_c2015.
300 _a93 pages :
_c28 cm.
500 _aIncludes bibliographical references and appendices.
650 _aAutism
999 _c285007
_d285007